| 000 | 00698nam a22002177a 4500 | ||
|---|---|---|---|
| 999 |
_c16104 _d16104 |
||
| 003 | AR-CdUCM | ||
| 008 | 190502b ||||| |||| 00| 0 spa d | ||
| 020 | _a84-95053-39-X | ||
| 040 |
_aMUNICIPALIDAD PROVINCIAL DEL CUSCO _cBIBLIOTECA MUNICIPAL DEL CUSCO |
||
| 082 |
_aEP / 869.57 / _bP77 |
||
| 100 |
_aPonce Cando, Paulina _935384 |
||
| 245 | _aManuelíto y el tesoro de lana / | ||
| 260 |
_aBarcelona : _bVilatana, CB, _c2005. |
||
| 300 |
_a28 páginas ; _bilustraciones, _c21 cm. |
||
| 650 |
_aLiteratura _983 |
||
| 650 |
_aCuentos infantiles _93927 |
||
| 650 |
_aSiglo XXI _92856 |
||
| 700 |
_aJiménez, Guillermo (ilustraciones) _935385 |
||
| 942 |
_2ddc _cLIBROS |
||
| 945 |
_aachl _d2019-05-02 |
||